| 000 | 00478nam a22001817a 4500 | ||
|---|---|---|---|
| 003 | PILC | ||
| 005 | 20160129112849.0 | ||
| 008 | 121115t xxu||||| |||| 00| 0 eng d | ||
| 020 | _a9780749938215 | ||
| 050 |
_aPR 9619.3 _b.L381 2007 |
||
| 082 |
_aFIC _bL37o 2007 |
||
| 100 |
_aLaurens, Stephanie _921808 |
||
| 245 |
_aOn a wicked dawn _cStephanie Laurens |
||
| 260 |
_aNew York : _bPiatkus Books, _c2007. |
||
| 300 |
_a519 p. : _c20 cm. |
||
| 942 |
_2lcc _cBK |
||
| 999 |
_c12159 _d12159 |
||